Eine Encyklika Julians des Abtrünnigen und ihre Vorläufer, [1]
| Main Author: | |
|---|---|
| Format: | Electronic Article |
| Language: | German |
| Check availability: | HBZ Gateway |
| Interlibrary Loan: | Interlibrary Loan for the Fachinformationsdienste (Specialized Information Services in Germany) |
| Published: |
1896
|
| In: |
Zeitschrift für Kirchengeschichte
Year: 1896, Volume: 16, Issue: 1, Pages: 45-71 |
| IxTheo Classification: | KAB Church history 30-500; early Christianity |
| Further subjects: | B
Classical antiquity
B church-state relations B Antiquity B Verhältnis Staat-Kirche B Christianity B Constantine's Conversion B Konstantinische Wende B Julian |
| Online Access: |
Volltext (kostenfrei) |
| Parallel Edition: | Non-electronic
|
MARC
| LEADER | 00000naa a22000002c 4500 | ||
|---|---|---|---|
| 001 | 1900552051 | ||
| 003 | DE-627 | ||
| 005 | 20240829170506.0 | ||
| 007 | cr uuu---uuuuu | ||
| 008 | 240829s1896 xx |||||o 00| ||ger c | ||
| 024 | 7 | |a 10.60861/zkg.v16i1.59087 |2 doi | |
| 035 | |a (DE-627)1900552051 | ||
| 035 | |a (DE-599)KXP1900552051 | ||
| 040 | |a DE-627 |b ger |c DE-627 |e rakwb | ||
| 041 | |a ger | ||
| 084 | |a 1 |2 ssgn | ||
| 100 | 1 | |e VerfasserIn |0 (DE-588)116361514 |0 (DE-627)077869060 |0 (DE-576)290482763 |4 aut |a Asmus, Rudolf |d 1863-1924 | |
| 109 | |a Asmus, Rudolf 1863-1924 |a Asmus, J. R. 1863-1924 |a Asmus, Johann Rudolf 1863-1924 | ||
| 245 | 1 | 0 | |a Eine Encyklika Julians des Abtrünnigen und ihre Vorläufer, [1] |c J. R. Asmus |
| 264 | 1 | |c 1896 | |
| 336 | |a Text |b txt |2 rdacontent | ||
| 337 | |a Computermedien |b c |2 rdamedia | ||
| 338 | |a Online-Ressource |b cr |2 rdacarrier | ||
| 506 | |a [DE-21]Open Access |e Controlled Vocabulary for Access Rights |u http://purl.org/coar/access_right/c_abf2 | ||
| 533 | |a Reproduktion |d 2023 |7 |2023|||||||||| | ||
| 540 | |a [DE-21]Urheberrechtsschutz 1.0 |2 rs |u https://rightsstatements.org/page/InC/1.0/?language=en | ||
| 601 | |a Vorläufigkeit | ||
| 650 | 4 | |a Julian | |
| 650 | 4 | |a Verhältnis Staat-Kirche | |
| 650 | 4 | |a Konstantinische Wende | |
| 650 | 4 | |a Antike | |
| 650 | 4 | |a Christentum | |
| 650 | 4 | |a church-state relations | |
| 650 | 4 | |a Constantine's Conversion | |
| 650 | 4 | |a Antiquity | |
| 650 | 4 | |a Christianity | |
| 652 | |a KAB | ||
| 773 | 0 | 8 | |i Enthalten in |t Zeitschrift für Kirchengeschichte |d Stuttgart : Kohlhammer, 1877 |g 16(1896), 1, Seite 45-71 |w (DE-627)1047579340 |w (DE-600)2958571-5 |w (DE-576)51668549X |7 nnas |
| 773 | 1 | 8 | |g volume:16 |g year:1896 |g number:1 |g pages:45-71 |
| 776 | 0 | 8 | |i Elektronische Reproduktion von |a Asmus, Rudolf, 1863 - 1924 |t Eine Encyklika Julians des Abtrünnigen und ihre Vorläufer, [1] |d 1896 |w (DE-627)596382324 |w (DE-576)9596382322 |k Non-Electronic |
| 856 | 4 | 0 | |u https://doi.org/10.60861/zkg.v16i1.59087 |x Digitalisierung |z kostenfrei |3 Volltext |7 0 |
| 935 | |a DTH5 |a mteo | ||
| 951 | |a AR | ||
| ELC | |a 1 | ||
| LOK | |0 000 xxxxxcx a22 zn 4500 | ||
| LOK | |0 001 4572682062 | ||
| LOK | |0 003 DE-627 | ||
| LOK | |0 004 1900552051 | ||
| LOK | |0 005 20240829170506 | ||
| LOK | |0 008 240829||||||||||||||||ger||||||| | ||
| LOK | |0 040 |a DE-Tue135 |c DE-627 |d DE-Tue135 | ||
| LOK | |0 092 |o n | ||
| LOK | |0 852 |a DE-Tue135 | ||
| LOK | |0 852 1 |9 00 | ||
| LOK | |0 935 |a ixzs | ||
| LOK | |0 936ln |0 1442044284 |a KAB | ||
| LOK | |0 939 |a 29-08-24 |b l01 | ||
| OAS | |a 1 | ||
| ORI | |a SA-MARC-ixtheoa001.raw | ||
| REF | |a Staat-Kirche-Verhältnis | ||
| STA | 0 | 0 | |a Christianity,Christian world view,World view,Christian ideology,Classical antiquity,Classical antiquity,Antiquity,Civilization, Greco-Roman,Civilization, Classical, in art,Civilization, Greco-Roman, in literature,Civilization, Ancient, in literature |
| STB | 0 | 0 | |a Antiquité,Antiquité,Christianisme,Christianisme |
| STC | 0 | 0 | |a Antigüedad,Antigüedad,Cristianismo,Cristianismo,Cristiandad,Cristiandad,Cristiandad (Motivo),Cristiandad |
| STD | 0 | 0 | |a Antichità classica,Antichità classica,Cristianesimo,Cristianesimo |
| STE | 0 | 0 | |a 古典时代,古典时代,古典时期,古典时期,基督教,基督教,基督教世界观 |
| STF | 0 | 0 | |a 古典時代,古典時代,古典時期,古典時期,基督教,基督教,基督教世界觀 |
| STG | 0 | 0 | |a Antiguidade,Antiguidade,Cristianismo,Cristianismo,Cristandade,Cristandade,Cristandade (Motivo),Cristandade |
| STH | 0 | 0 | |a Античность (мотив),Античность,Христианство (мотив),Христианство |
| STI | 0 | 0 | |a Αρχαιότητα (μοτίβο),Αρχαιότητα,Χριστιανισμός (μοτίβο),Χριστιανισμός |
| SYE | 0 | 0 | |a Yūlyān,Flavius Claudius Julianus Augustus,Flavius Claudius@Julianus,Iulianos,Julian,Iulianus, Flavius Claudius,Julianus, Flavius Claudius,Apostata, Julianus , Klassisches Altertum , Christianity,Christliche Mission,Missionierung,Christenheit,Christianitas,Christliche Religion,Christliche Weltanschauung |